Estadísticas para Capitales europeas con mas dias de nieve

Haz click aquí para intentar la prueba.

Estadísticas generales

  • Esta prueba ha sido intentada 53 veces
  • La puntuación promedio es 18 de 22

Estadísticas de respuestas

Dias de nieve al añoCiudad/Capital% Correcto
80Oslo
100%
116,3Moscú
98%
53Helsinki
96%
73,2Kiev
96%
60Estocolmo
94%
102Minsk
94%
45Tallin
92%
68Varsovia
92%
40Viena
90%
31Bucarest
88%
31Praga
88%
75Reikiavik
88%
33Riga
88%
21,4Copenhague
83%
30Sofía
83%
37Vilna
81%
26Amsterdam
79%
24,1Bruselas
77%
23Zagreb
71%
51,4Chisinau
69%
29Belgrado
67%
22, 3Erevan
15%

Distribución de puntuación

Porcentaje por número respondido

Porcentaje de gente con cada puntuación

Historial de tus puntuaciones

No has intentado esta prueba.